Jugadores Míticos Italia - Estadísticas

Estadísticas generales
  • Esta prueba ha sido intentada 36 veces
  • La puntuación promedio es 15 de 20
Estadísticas de respuestas
Imagen Respuesta % Correcto
Balotelli
97%
Buffon
97%
Totti
97%
Cannavaro
94%
Maldini
94%
Chiellini
91%
Baggio
88%
De Rossi
88%
Pirlo
88%
Bonucci
85%
Del Piero
85%
Gattuso
85%
Baresi
82%
Nesta
74%
Zola
68%
Zambrotta
65%
Marchisio
59%
Paolo Rossi
53%
Zoff
47%
Tardelli
9%
No se encontraron pruebas coincidentes
Distribución de puntuación
Porcentaje de gente con cada puntuación
Porcentaje por número respondido
Historial de tus puntuaciones
No has intentado esta prueba.